[Event "HUN-chT2 Maroczy 1819"]
[Site "Hungary"]
[Date "2018.12.02"]
[Round "5.4"]
[White "Marosi, Levente"]
[Black "Ohat, Imre"]
[Result "1-0"]
[WhiteElo "2255"]
[BlackElo "1941"]
[PlyCount "25"]
[EventDate "2018.09.23"]
[EventType "team-tourn"]
[EventRounds "11"]
[EventCountry "HUN"]
[SourceTitle "EXT 2020"]
[Source "ChessBase"]
[SourceDate "2019.10.17"]
[SourceVersion "1"]
[SourceVersionDate "2019.10.17"]
[SourceQuality "1"]
[WhiteTeam "Budapest MTK"]
[BlackTeam "Szeged Maroczy II"]
[WhiteTeamCountry "HUN"]
[BlackTeamCountry "HUN"]

1. e4 e5 2. Nf3 Nc6 3. d4 exd4 4. Nxd4 Bc5 5. Nxc6 Qf6 6. Qf3 Qxc6 7. Nc3 Bb4 8. Bd2 Qf6 9. Qg3 c6 10. 0-0-0 Ne7 11. Bd3 0-0 12. e5 Qe6 13. Qh4 1-0

[Event "HUN-chT2 Toth 1718"]
[Site "Hungary"]
[Date "2018.02.18"]
[Round "8.8"]
[White "Papp, Zoltan"]
[Black "Ohat, Imre"]
[Result "1/2-1/2"]
[WhiteElo "1894"]
[BlackElo "1970"]
[PlyCount "95"]
[EventDate "2017.09.24"]
[EventType "team-tourn"]
[EventRounds "11"]
[EventCountry "HUN"]
[SourceTitle "EXT 2021"]
[Source "ChessBase"]
[SourceDate "2020.10.23"]
[SourceVersion "1"]
[SourceVersionDate "2020.10.23"]
[SourceQuality "1"]
[WhiteTeam "Kecskemet Toth Laszlo II"]
[BlackTeam "Szeged Maroczy II"]
[WhiteTeamCountry "HUN"]
[BlackTeamCountry "HUN"]

1. d4 Nf6 2. Bg5 c5 3. Bxf6 gxf6 4. e3 cxd4 5. exd4 Bg7 6. c3 Qa5 7. Nf3 0-0 8. Bd3 Qh5 9. Nbd2 d5 10. Nf1 e5 11. Ng3 Qh6 12. Bf5 e4 13. Nd2 Nc6 14. 0-0 Bxf5 15. Nxf5 Qg5 16. Ne3 Rfd8 17. f4 Qg6 18. Qg4 Ne7 19. f5 Qxg4 20. Nxg4 h5 21. Ne3 Bh6 22. Rae1 b5 23. a3 a5 24. Nb3 Bg5 25. Nc5 Nc6 26. Kf2 b4 27. axb4 axb4 28. Ra1 Rxa1 29. Rxa1 bxc3 30. bxc3 Ne7 31. Ra7 Bxe3+ 32. Kxe3 Nxf5+ 33. Kf4 Nd6 34. Rd7 Rxd7 35. Nxd7 Ne8 36. c4 e3 37. Kxe3 dxc4 38. d5 Kg7 39. Kd4 Nd6 40. Nb6 c3 41. Kxc3 Kf8 42. Nc4 Nf5 43. Kd3 Ke7 44. Ke4 Ng7 45. Kf4 Kd7 46. Ke4 Ke7 47. Kf4 Kd7 48. Ke4 1/2-1/2

[Event "HUN-chT2 Toth 1718"]
[Site "Hungary"]
[Date "2017.12.17"]
[Round "6.5"]
[White "Ohat, Imre"]
[Black "Visnyei, Illes"]
[Result "0-1"]
[WhiteElo "1970"]
[BlackElo "2009"]
[PlyCount "78"]
[EventDate "2017.09.24"]
[EventType "team-tourn"]
[EventRounds "11"]
[EventCountry "HUN"]
[SourceTitle "EXT 2021"]
[Source "ChessBase"]
[SourceDate "2020.10.23"]
[SourceVersion "1"]
[SourceVersionDate "2020.10.23"]
[SourceQuality "1"]
[WhiteTeam "Szeged Maroczy II"]
[BlackTeam "Bekes"]
[WhiteTeamCountry "HUN"]
[BlackTeamCountry "HUN"]

1. e4 c5 2. Nf3 Nf6 3. Nc3 d6 4. d4 cxd4 5. Nxd4 a6 6. Bc4 Qc7 7. Bb3 Nc6 8. 0-0 Na5 9. Nd5 Nxd5 10. exd5 g6 11. Re1 Bg7 12. Bg5 f6 13. Bf4 0-0 14. Ne6 Bxe6 15. Rxe6 Rf7 16. Qe2 b5 17. Re1 Bf8 18. h4 Nb7 19. c4 Nc5 20. Re3 Nxb3 21. axb3 b4 22. Re6 a5 23. Ra1 Bg7 24. Qd2 f5 25. Re2 Bf6 26. g3 Rff8 27. Bg5 Rae8 28. Bxf6 Rxf6 29. Rae1 Qd7 30. Qd4 Rf7 31. Qb6 f4 32. Re6 fxg3 33. fxg3 Rf3 34. R1e3 Ref8 35. Qd4 Rf1+ 36. Kg2 R8f2+ 37. Kh3 Rh1+ 38. Kg4 Rf5 39. Rf3 h5# 0-1

[Event "HUN-chT2 Toth 1718"]
[Site "Hungary"]
[Date "2017.12.03"]
[Round "5.8"]
[White "Martonosi, Adam"]
[Black "Ohat, Imre"]
[Result "1-0"]
[WhiteElo "1861"]
[BlackElo "1970"]
[PlyCount "95"]
[EventDate "2017.09.24"]
[EventType "team-tourn"]
[EventRounds "11"]
[EventCountry "HUN"]
[SourceTitle "EXT 2021"]
[Source "ChessBase"]
[SourceDate "2020.10.23"]
[SourceVersion "1"]
[SourceVersionDate "2020.10.23"]
[SourceQuality "1"]
[WhiteTeam "Mako Duocor II"]
[BlackTeam "Szeged Maroczy II"]
[WhiteTeamCountry "HUN"]
[BlackTeamCountry "HUN"]

1. c4 Nf6 2. g3 g6 3. Bg2 Bg7 4. Nf3 0-0 5. Nc3 d6 6. d4 c6 7. 0-0 Nbd7 8. e4 e5 9. Re1 Qa5 10. d5 c5 11. a3 a6 12. Rb1 Qc7 13. h3 Rb8 14. Qe2 Nb6 15. Be3 Bd7 16. Nd2 Na4 17. Nxa4 Bxa4 18. b3 Bd7 19. b4 b6 20. Qd3 Nh5 21. bxc5 bxc5 22. Rxb8 Rxb8 23. Rb1 f5 24. Rxb8+ Qxb8 25. Qb3 Qc7 26. Nf1 fxe4 27. Bxe4 Bxh3 28. Qa4 Nf6 29. Nd2 Qc8 30. Bg2 Bd7 31. Qa5 h6 32. Qb6 Bf8 33. Nb3 Ne8 34. Na5 Be7 35. Nc6 Bxc6 36. dxc6 Bd8 37. Qb1 Kg7 38. Be4 Nf6 39. Bf3 Qc7 40. Kf1 Qb6 41. Qd3 Qc7 42. g4 e4 43. Bxe4 Nxg4 44. Bf4 Be7 45. Qg3 Qc8 46. f3 g5 47. Qxg4 Qd8 48. Bd2 1-0

[Event "HUN-chT2 Toth 1415"]
[Site "Hungary"]
[Date "2014.11.30"]
[Round "5.9"]
[White "Csibor, Andras"]
[Black "Ohat, Imre"]
[Result "1/2-1/2"]
[WhiteElo "1899"]
[BlackElo "1860"]
[PlyCount "64"]
[EventDate "2014.09.07"]
[EventType "team-tourn"]
[EventRounds "11"]
[EventCountry "HUN"]
[SourceTitle "EXT 2016"]
[Source "ChessBase"]
[SourceDate "2015.10.08"]
[SourceVersion "1"]
[SourceVersionDate "2015.10.08"]
[SourceQuality "1"]
[WhiteTeam "Mako II"]
[BlackTeam "Maroczy II"]
[WhiteTeamCountry "HUN"]
[BlackTeamCountry "HUN"]

1. d4 Nf6 2. f4 d6 3. Nf3 g6 4. e3 Bg7 5. Bd3 c6 6. e4 0-0 7. 0-0 Bg4 8. h3 Bxf3 9. Qxf3 Qb6 10. c3 c5 11. Qf2 cxd4 12. cxd4 Nc6 13. e5 Nd5 14. Nc3 Ndb4 15. Be4 dxe5 16. dxe5 Qxf2+ 17. Rxf2 Rfd8 18. Be3 e6 19. a3 Nd5 20. Nxd5 exd5 21. Bd3 f6 22. e6 f5 23. Re1 Re8 24. Rfe2 Rxe6 25. Bc1 Rxe2 26. Rxe2 Kf7 27. b4 Re8 28. Rxe8 Kxe8 29. b5 Bd4+ 30. Kf1 Nd8 31. g4 fxg4 32. hxg4 Kf7 1/2-1/2

[Event "HUN-chT2 Toth 1314"]
[Site "Hungary"]
[Date "2014.03.23"]
[Round "9.9"]
[White "Csomos, Janos"]
[Black "Ohat, Imre"]
[Result "1/2-1/2"]
[WhiteElo "1874"]
[BlackElo "1876"]
[PlyCount "68"]
[EventDate "2013.09.08"]
[EventType "team-tourn"]
[EventRounds "11"]
[EventCountry "HUN"]
[SourceTitle "EXT 2016"]
[Source "ChessBase"]
[SourceDate "2015.10.08"]
[SourceVersion "1"]
[SourceVersionDate "2015.10.08"]
[SourceQuality "1"]
[WhiteTeam "Gyula"]
[BlackTeam "Szeged Maroczy II"]
[WhiteTeamCountry "HUN"]
[BlackTeamCountry "HUN"]

1. d4 d5 2. c4 c6 3. cxd5 cxd5 4. Nc3 Nf6 5. Nf3 e6 6. Bg5 Be7 7. e3 0-0 8. Bd3 h6 9. Bh4 Nc6 10. Rc1 Bd7 11. 0-0 Rc8 12. Qb3 Na5 13. Qc2 b5 14. Qb1 a6 15. Ne5 Nc4 16. Nxd7 Nxd7 17. Bxe7 Qxe7 18. Rfd1 Nf6 19. b3 Nd6 20. Ne2 Qb7 21. Rxc8 Rxc8 22. Rc1 Rc7 23. Rxc7 Qxc7 24. Qc2 Nfe8 25. Qxc7 Nxc7 26. Kf1 a5 27. Ke1 Kf8 28. Kd2 Ke7 29. a3 Kd7 30. Kc3 Nde8 31. Nf4 Nf6 32. f3 g5 33. Ne2 Kc6 34. Nc1 Nd7 1/2-1/2

[Event "HUN-chT2 Toth 1314"]
[Site "Hungary"]
[Date "2014.02.02"]
[Round "6.10"]
[White "Ohat, Imre"]
[Black "Hos, Daniel Dominik"]
[Result "1-0"]
[WhiteElo "1876"]
[BlackElo "1653"]
[PlyCount "125"]
[EventDate "2013.09.08"]
[EventType "team-tourn"]
[EventRounds "11"]
[EventCountry "HUN"]
[SourceTitle "EXT 2016"]
[Source "ChessBase"]
[SourceDate "2015.10.08"]
[SourceVersion "1"]
[SourceVersionDate "2015.10.08"]
[SourceQuality "1"]
[WhiteTeam "Szeged Maroczy II"]
[BlackTeam "Roszke"]
[WhiteTeamCountry "HUN"]
[BlackTeamCountry "HUN"]

1. e4 d6 2. d4 g6 3. Nc3 Bg7 4. h3 Nc6 5. Nf3 a6 6. Be3 b5 7. a3 e5 8. dxe5 Nxe5 9. Nxe5 Bxe5 10. Bd4 Qf6 11. Nd5 Qd8 12. Bxe5 dxe5 13. Qd3 Be6 14. Rd1 Bxd5 15. Qc3 Qe7 16. Rxd5 Kf8 17. Rxe5 Qf6 18. Rc5 Qxc3+ 19. Rxc3 Ra7 20. g3 Ne7 21. Bg2 Kg7 22. Ke2 Rd8 23. Rd1 Rxd1 24. Kxd1 c6 25. Kd2 f6 26. Ke3 Kf7 27. f4 h5 28. Bf3 Rc7 29. Rc5 Rc8 30. Be2 Re8 31. Kd2 Ke6 32. a4 Rd8+ 33. Bd3 Rd4 34. axb5 axb5 35. Rc3 Ra4 36. Ra3 Rb4 37. Kc3 c5 38. Ra6+ Kf7 39. Ra5 f5 40. Bxb5 fxe4 41. Bc4+ Kf6 42. Rxc5 Rb8 43. Re5 Nf5 44. Re6+ Kg7 45. g4 hxg4 46. hxg4 Ne3 47. b3 Nxg4 48. Rxe4 Rf8 49. b4 Nf2 50. Rd4 Nh3 51. Rd7+ Kh6 52. Rf7 Re8 53. b5 Re4 54. b6 Re8 55. b7 Nf2 56. Bd3 Nd1+ 57. Kb4 Ne3 58. Kc5 Rd8 59. Kc6 Nd5 60. Rd7 Nb4+ 61. Kc7 Rf8 62. b8Q Na6+ 63. Bxa6 1-0

[Event "HUN-chT2 Maroczy 1213"]
[Site "Hungary"]
[Date "2013.03.03"]
[Round "8"]
[White "Ohat, Imre"]
[Black "Egyed, Viktoria"]
[Result "1/2-1/2"]
[WhiteElo "1866"]
[BlackElo "1775"]
[PlyCount "27"]
[EventDate "2012.09.16"]
[EventType "team-tourn"]
[EventRounds "11"]
[EventCountry "HUN"]
[SourceTitle "EXT 2014"]
[Source "ChessBase"]
[SourceDate "2013.11.20"]
[SourceVersion "1"]
[SourceVersionDate "2013.11.20"]
[SourceQuality "1"]
[WhiteTeam "Maroczy"]
[BlackTeam "Karcag"]
[WhiteTeamCountry "HUN"]
[BlackTeamCountry "HUN"]

1. e4 c5 2. Nf3 e6 3. d4 cxd4 4. Nxd4 a6 5. Nc3 Qc7 6. Bd3 Nf6 7. 0-0 Be7 8. Kh1 0-0 9. Be3 b5 10. a3 Bb7 11. f4 d6 12. Qf3 Nbd7 13. Rae1 Nc5 14. Bd2 1/2-1/2

[Event "HUN-chT2 Toth 1213"]
[Site "Hungary"]
[Date "2012.12.02"]
[Round "5.8"]
[White "Ohat, Imre"]
[Black "Olah, Bela Janos"]
[Result "1/2-1/2"]
[WhiteElo "1866"]
[BlackElo "1885"]
[PlyCount "24"]
[EventDate "2012.09.16"]
[EventType "team-tourn"]
[EventRounds "11"]
[EventCountry "HUN"]
[SourceTitle "EXT 2014"]
[Source "ChessBase"]
[SourceDate "2013.11.20"]
[SourceVersion "1"]
[SourceVersionDate "2013.11.20"]
[SourceQuality "1"]
[WhiteTeam "Maroczy II"]
[BlackTeam "Bekes"]
[WhiteTeamCountry "HUN"]
[BlackTeamCountry "HUN"]

1. e4 d6 2. d4 g6 3. Nc3 Bg7 4. h3 Nd7 5. Nf3 e6 6. Be3 a6 7. Qd2 b6 8. Be2 Bb7 9. Rd1 Ne7 10. Bh6 Bxh6 11. Qxh6 Ng8 12. Qd2 Qe7 1/2-1/2

[Event "HUN-chT2 Toth 1112"]
[Site "Hungary"]
[Date "2012.01.29"]
[Round "5.8"]
[White "Szili, Istvan"]
[Black "Ohat, Imre"]
[Result "1/2-1/2"]
[WhiteElo "1984"]
[BlackElo "1839"]
[PlyCount "41"]
[EventDate "2011.09.25"]
[EventType "team-tourn"]
[EventRounds "11"]
[EventCountry "HUN"]
[SourceTitle "EXT 2013"]
[Source "ChessBase"]
[SourceDate "2012.11.22"]
[SourceVersion "1"]
[SourceVersionDate "2012.11.22"]
[SourceQuality "1"]
[WhiteTeam "Takisz"]
[BlackTeam "Maroczy II"]
[WhiteTeamCountry "HUN"]
[BlackTeamCountry "HUN"]

1. e4 c5 2. Nf3 d6 3. c3 Nf6 4. Bc4 e6 5. Qe2 Nc6 6. d4 d5 7. exd5 Nxd5 8. 0-0 cxd4 9. cxd4 Be7 10. Nc3 0-0 11. Bxd5 exd5 12. Be3 Bf6 13. Qb5 Ne7 14. Bf4 b6 15. Ne5 Bb7 16. Nd7 Re8 17. Nxf6+ gxf6 18. Rfe1 Bc6 19. Qd3 Qd7 20. Re2 Qf5 21. Qxf5 1/2-1/2

[Event "HUN-chT2 Toth 1112"]
[Site "Hungary"]
[Date "2011.11.13"]
[Round "3.9"]
[White "Ohat, Imre"]
[Black "Agoston, Aron"]
[Result "1/2-1/2"]
[WhiteElo "1839"]
[BlackElo "2033"]
[PlyCount "60"]
[EventDate "2011.09.25"]
[EventType "team-tourn"]
[EventRounds "11"]
[EventCountry "HUN"]
[SourceTitle "EXT 2013"]
[Source "ChessBase"]
[SourceDate "2012.11.22"]
[SourceVersion "1"]
[SourceVersionDate "2012.11.22"]
[SourceQuality "1"]
[WhiteTeam "Maroczy II"]
[BlackTeam "Mako"]
[WhiteTeamCountry "HUN"]
[BlackTeamCountry "HUN"]

1. e4 e5 2. Nf3 Nc6 3. Bc4 Bc5 4. c3 Nf6 5. d3 a6 6. Bb3 d6 7. 0-0 0-0 8. Be3 Ba7 9. Nbd2 Be6 10. Qe2 Bxb3 11. axb3 Ne7 12. Nh4 d5 13. Bxa7 Rxa7 14. f4 exf4 15. Rxf4 dxe4 16. Nxe4 Nfd5 17. Rff1 f5 18. Nd2 Qd6 19. Nc4 Qh6 20. Nf3 Raa8 21. Rae1 Nc6 22. d4 Rad8 23. Qe6+ Qxe6 24. Rxe6 Nf4 25. Re3 Nd5 26. Re6 g6 27. Rfe1 Nf4 28. R6e3 Nd5 29. Re6 Nf4 30. R6e3 Nd5 1/2-1/2

[Event "HUN-chT2 Toth 1011"]
[Site "Hungary"]
[Date "2011.04.10"]
[Round "8.7"]
[White "Feichter, Erno"]
[Black "Ohat, Imre"]
[Result "0-1"]
[WhiteElo "1958"]
[BlackElo "1921"]
[PlyCount "52"]
[EventDate "2010.09.12"]
[EventType "team-tourn"]
[EventRounds "11"]
[EventCountry "HUN"]
[SourceTitle "EXT 2012"]
[Source "ChessBase"]
[SourceDate "2011.11.24"]
[SourceVersion "1"]
[SourceVersionDate "2011.11.24"]
[SourceQuality "1"]
[WhiteTeam "Abony"]
[BlackTeam "Maroczy II"]
[WhiteTeamCountry "HUN"]
[BlackTeamCountry "HUN"]

1. e4 c6 2. d4 d5 3. e5 Bf5 4. Bd3 Bxd3 5. Qxd3 e6 6. f4 c5 7. c3 Nc6 8. Nf3 Nh6 9. 0-0 Be7 10. h3 Qb6 11. b3 cxd4 12. cxd4 Nb4 13. Qe2 Nf5 14. Qd1 Nc6 15. g4 Nfxd4 16. Kg2 Nxf3 17. Rxf3 0-0 18. Bb2 Rac8 19. Nc3 a6 20. Ne2 Nb4 21. Bd4 Bc5 22. a3 Bxd4 23. Nxd4 Nc6 24. Nxc6 Rxc6 25. f5 Rfc8 26. Ra2 Rc1 0-1

[Event "HUN-chT2 Toth 1011"]
[Site "Hungary"]
[Date "2010.10.10"]
[Round "3.10"]
[White "Ohat, Imre"]
[Black "Revesz, Bela"]
[Result "0-1"]
[WhiteElo "1921"]
[BlackElo "1960"]
[PlyCount "79"]
[EventDate "2010.09.12"]
[EventType "team-tourn"]
[EventRounds "11"]
[EventCountry "HUN"]
[SourceTitle "EXT 2012"]
[Source "ChessBase"]
[SourceDate "2011.11.24"]
[SourceVersion "1"]
[SourceVersionDate "2011.11.24"]
[SourceQuality "1"]
[WhiteTeam "Maroczy II"]
[BlackTeam "Bekes"]
[WhiteTeamCountry "HUN"]
[BlackTeamCountry "HUN"]

1. e4 e6 2. d4 d5 3. Nd2 Nf6 4. e5 Nfd7 5. Bd3 c5 6. c3 Nc6 7. Ne2 f5 8. Nf3 Be7 9. Bd2 Qb6 10. Rb1 Qc7 11. 0-0 0-0 12. Bg5 Nb6 13. Bxe7 Qxe7 14. Qd2 Bd7 15. dxc5 Qxc5 16. Ned4 Nc4 17. Qe2 Rac8 18. Rfe1 a6 19. Kh1 Qe7 20. Nxc6 Rxc6 21. Nd4 Rcc8 22. Bxc4 Rxc4 23. Qd2 Rfc8 24. Re3 Qc5 25. Rbe1 b5 26. a3 a5 27. Nb3 Qb6 28. Rd3 b4 29. axb4 axb4 30. cxb4 Rxb4 31. Nd4 Rxb2 32. Qe3 Rb1 33. Rdd1 Rxd1 34. Rxd1 Qc5 35. h3 Qe7 36. Kh2 h6 37. Kh1 Bc6 38. Kh2 Bb7 39. Kh1 Ba6 40. Kh2 0-1

[Event "HUN-chT2 Maroczy 0910"]
[Site "Hungary"]
[Date "2010.01.31"]
[Round "5"]
[White "Ohat, Imre"]
[Black "Kovacs, Gabor V"]
[Result "1/2-1/2"]
[WhiteElo "1866"]
[BlackElo "2197"]
[PlyCount "66"]
[EventDate "2009.11.08"]
[EventType "team-tourn"]
[EventRounds "11"]
[EventCountry "HUN"]
[SourceTitle "EXT 2011"]
[Source "ChessBase"]
[SourceDate "2010.11.26"]
[SourceVersion "1"]
[SourceVersionDate "2010.11.26"]
[SourceQuality "1"]
[WhiteTeam "Maroczy"]
[BlackTeam "Vasas"]
[WhiteTeamCountry "HUN"]
[BlackTeamCountry "HUN"]

1. e4 e5 2. Nf3 Nc6 3. Bc4 Be7 4. d4 d6 5. dxe5 dxe5 6. Qxd8+ Bxd8 7. Nc3 Bg4 8. Be3 a6 9. 0-0-0 Be7 10. h3 Bxf3 11. gxf3 Bd6 12. Rhg1 g6 13. Nd5 f6 14. Kb1 0-0-0 15. Be2 Nce7 16. a3 Nxd5 17. Rxd5 g5 18. Rgd1 Ne7 19. R5d2 Ng6 20. b4 Nh4 21. c4 Be7 22. Rxd8+ Rxd8 23. Rxd8+ Kxd8 24. c5 Kd7 25. Kc2 Kc6 26. Kb3 Kd7 27. Kc2 c6 28. Bd2 Ng2 29. Bf1 Nh4 30. Be2 Kc7 31. Kb3 a5 32. Be3 axb4 33. axb4 Ng2 1/2-1/2

[Event "HUN-chT2 Toth 0910"]
[Site "Hungary"]
[Date "2009.12.06"]
[Round "3.9"]
[White "Ohat, Imre"]
[Black "Kemeny, Csaba"]
[Result "0-1"]
[WhiteElo "1866"]
[BlackElo "2050"]
[PlyCount "78"]
[EventDate "2009.11.08"]
[EventType "team-tourn"]
[EventRounds "11"]
[EventCountry "HUN"]
[SourceTitle "EXT 2011"]
[Source "ChessBase"]
[SourceDate "2010.11.26"]
[SourceVersion "1"]
[SourceVersionDate "2010.11.26"]
[SourceQuality "1"]
[WhiteTeam "Maroczy II"]
[BlackTeam "Kkfhazi Honved"]
[WhiteTeamCountry "HUN"]
[BlackTeamCountry "HUN"]

1. e4 c5 2. Nf3 Nc6 3. d4 cxd4 4. Nxd4 e5 5. Nb5 d6 6. N1c3 a6 7. Na3 b5 8. Nd5 Nf6 9. Bg5 Be7 10. Bxf6 Bxf6 11. g3 0-0 12. Bg2 Bg5 13. 0-0 Be6 14. c3 Ne7 15. Nc2 Nxd5 16. exd5 Bd7 17. Nb4 f5 18. Nc6 Qb6 19. Qd3 Bf6 20. Rad1 Rac8 21. Nb4 Rc7 22. Rfe1 Rfc8 23. Nc2 a5 24. a3 g6 25. Qe3 Qb7 26. Qh6 Be8 27. Qd2 Bf7 28. h4 Bg7 29. Qe2 Rc5 30. Ne3 Bh6 31. Rd2 e4 32. f4 exf3 33. Qxf3 Re8 34. Ree2 Rc7 35. Rd3 Rce7 36. Kf1 Qb6 37. Nxf5 gxf5 38. Rxe7 Rxe7 39. Qxf5 Bg6 0-1

[Event "Harkany Tenkes Cup 33rd"]
[Site "Harkany"]
[Date "2009.12.04"]
[Round "9"]
[White "Ohat, Imre"]
[Black "Radics, Laszlo2222"]
[Result "1/2-1/2"]
[WhiteElo "1856"]
[BlackElo "2027"]
[PlyCount "47"]
[EventDate "2009.11.26"]
[EventType "swiss"]
[EventRounds "9"]
[EventCountry "HUN"]
[SourceTitle "EXT 2011"]
[Source "ChessBase"]
[SourceDate "2010.11.26"]
[SourceVersion "1"]
[SourceVersionDate "2010.11.26"]
[SourceQuality "1"]

1. e4 Nc6 2. Nf3 e5 3. Bc4 Nf6 4. d4 exd4 5. e5 d5 6. Bb5 Ne4 7. Nxd4 Bc5 8. 0-0 Bd7 9. Bxc6 bxc6 10. f3 Ng5 11. f4 Ne4 12. Be3 Qe7 13. Nd2 Nd6 14. Qf3 Bxd4 15. Bxd4 Nf5 16. Qf2 Nxd4 17. Qxd4 0-0 18. Nb3 Rfb8 19. Nc5 Bf5 20. Rf2 Rb5 21. b4 a5 22. c3 axb4 23. cxb4 Rab8 24. a3 1/2-1/2

[Event "Harkany Tenkes Cup 33rd"]
[Site "Harkany"]
[Date "2009.12.01"]
[Round "6"]
[White "Egri, Laszlo Jr"]
[Black "Ohat, Imre"]
[Result "0-1"]
[WhiteElo "1954"]
[BlackElo "1856"]
[PlyCount "142"]
[EventDate "2009.11.26"]
[EventType "swiss"]
[EventRounds "9"]
[EventCountry "HUN"]
[SourceTitle "EXT 2011"]
[Source "ChessBase"]
[SourceDate "2010.11.26"]
[SourceVersion "1"]
[SourceVersionDate "2010.11.26"]
[SourceQuality "1"]

1. e4 c5 2. c3 d5 3. exd5 Qxd5 4. d4 Nf6 5. Nf3 Bg4 6. Be2 e6 7. 0-0 Nc6 8. h3 Bh5 9. Be3 cxd4 10. cxd4 Be7 11. Nc3 Qd6 12. Qd2 0-0 13. Rfd1 Rfd8 14. Rac1 Rac8 15. a3 Qb8 16. b4 a6 17. Qb2 b5 18. Rd2 Bg6 19. Ne1 Nd5 20. Bf3 Bf6 21. Ne4 Nce7 22. Nc5 Qa7 23. Qb3 Nf5 24. Rcd1 Rc7 25. Be4 Nfe7 26. Nf3 Rxc5 27. dxc5 Bxe4 28. Nd4 Bxd4 29. Bxd4 Nc6 30. Bb2 Qe7 31. Qg3 Bg6 32. Re1 Kh8 33. f4 Qf8 34. h4 h5 35. Qf3 Nce7 36. Re5 Nf5 37. g4 hxg4 38. Qxg4 Qg8 39. h5 Nf6 40. Rxd8 Qxd8 41. Qe2 Nxh5 42. c6 Nfg3 43. Qf3 Qb6+ 44. Rc5 Be4 45. Qe3 Qd8 46. Rxh5+ Nxh5 47. Qxe4 Qd1+ 48. Kf2 Qd2+ 49. Qe2 Qxf4+ 50. Ke1 Nf6 51. Qe5 Qh4+ 52. Ke2 Qg4+ 53. Ke1 Qh4+ 54. Ke2 Qc4+ 55. Kd1 Qxc6 56. Qb8+ Ne8 57. Qh2+ Kg8 58. Qf2 Qd5+ 59. Kc1 e5 60. Qb6 Qe6 61. Qe3 e4 62. Kd2 Nd6 63. Qd4 Nc4+ 64. Ke1 Nxb2 65. Qxb2 f5 66. Qd4 Kh7 67. Qd8 Qf6 68. Qd5 Qc3+ 69. Kf2 Qf3+ 70. Kg1 Qg3+ 71. Kf1 Qd3+ 0-1

[Event "Harkany Tenkes Cup 33rd"]
[Site "Harkany"]
[Date "2009.11.27"]
[Round "2"]
[White "Toth, Sarolta"]
[Black "Ohat, Imre"]
[Result "1-0"]
[WhiteElo "2175"]
[BlackElo "1856"]
[PlyCount "81"]
[EventDate "2009.11.26"]
[EventType "swiss"]
[EventRounds "9"]
[EventCountry "HUN"]
[SourceTitle "EXT 2011"]
[Source "ChessBase"]
[SourceDate "2010.11.26"]
[SourceVersion "1"]
[SourceVersionDate "2010.11.26"]
[SourceQuality "1"]

1. Nf3 Nf6 2. c4 g6 3. Nc3 Bg7 4. e4 d6 5. d4 0-0 6. Be3 e5 7. dxe5 dxe5 8. Qxd8 Rxd8 9. Nd5 Nxd5 10. cxd5 c6 11. Bc4 h6 12. 0-0-0 Bg4 13. Rd2 cxd5 14. Bxd5 Nc6 15. Rhd1 Rdc8 16. Kb1 a5 17. Rc1 Nd8 18. Rdc2 Rxc2 19. Rxc2 Be6 20. Bb6 a4 21. Nd2 h5 22. Nc4 Nc6 23. Bxe6 fxe6 24. Nd6 Ra6 25. Be3 Nd8 26. Nb5 Bf6 27. Rc7 Rc6 28. Rxc6 bxc6 29. Na7 Kf7 30. Bb6 Ke8 31. Bxd8 Bxd8 32. Nxc6 Bb6 33. Nxe5 Bxf2 34. Nxg6 Bg1 35. Nf4 Bxh2 36. Nxe6 Bd6 37. Kc2 Ke7 38. Ng7 Be5 39. Nxh5 Kf7 40. g3 Kg6 41. Nf4+ 1-0

[Event "HUN-chT2 Toth 0809"]
[Site "Hungary"]
[Date "2009.02.08"]
[Round "7.10"]
[White "Egyed, Viktoria"]
[Black "Ohat, Imre"]
[Result "0-1"]
[WhiteElo "1651"]
[BlackElo "1880"]
[PlyCount "86"]
[EventDate "2008.10.26"]
[EventType "team-tourn"]
[EventRounds "11"]
[EventCountry "HUN"]
[SourceTitle "EXT 2010"]
[Source "ChessBase"]
[SourceDate "2010.11.25"]
[SourceVersion "1"]
[SourceVersionDate "2010.11.25"]
[SourceQuality "1"]
[WhiteTeam "Karcag"]
[BlackTeam "Maroczy II"]
[WhiteTeamCountry "HUN"]
[BlackTeamCountry "HUN"]

1. e4 d6 2. d4 g6 3. Nf3 Bg7 4. Nc3 Nf6 5. Bc4 0-0 6. 0-0 Nbd7 7. Be3 c6 8. Nh4 b5 9. Bd3 b4 10. Ne2 e5 11. f4 Ng4 12. Nxg6 Nxe3 13. Qe1 Nxf1 14. Nxf8 Nxf8 15. Qxf1 exd4 16. Qf3 Qe7 17. Qg3 f5 18. exf5 Qe3+ 19. Qxe3 dxe3 20. Re1 Bxb2 21. Ng3 Bd4 22. Kf1 a5 23. Ke2 Ba6 24. Kf3 Bxd3 25. cxd3 d5 26. Ne2 c5 27. Rc1 Nd7 28. Nxd4 cxd4 29. Rc7 Nb6 30. g4 Na4 31. f6 Nc3 32. Rd7 Ra6 33. g5 e2 34. Re7 a4 35. f5 b3 36. g6 hxg6 37. fxg6 Rxf6+ 38. Kg4 Rxg6+ 39. Kf5 Rg7 40. Re8+ Kf7 41. Re5 b2 42. Kf4 b1Q 43. Rf5+ Ke6 0-1

[Event "HUN-chT2 Toth 0405"]
[Site "Hungary"]
[Date "2004.12.05"]
[Round "4"]
[White "Csepeli, Balazs"]
[Black "Ohat, Imre"]
[Result "1-0"]
[WhiteElo "2027"]
[BlackElo "2061"]
[PlyCount "77"]
[EventDate "2004.09.26"]
[EventType "team"]
[EventRounds "11"]
[EventCountry "HUN"]
[SourceTitle "EXT 2009"]
[Source "ChessBase"]
[SourceDate "2008.11.26"]
[SourceVersion "1"]
[SourceVersionDate "2008.11.26"]
[SourceQuality "1"]
[WhiteTeam "Takisz"]
[BlackTeam "Maroczy"]
[WhiteTeamCountry "HUN"]
[BlackTeamCountry "HUN"]

1. d4 Nf6 2. c4 g6 3. Nc3 Bg7 4. e4 d6 5. Nf3 Bg4 6. Be2 c6 7. Be3 0-0 8. Qd2 Re8 9. h3 Bc8 10. g4 a6 11. Nh4 b5 12. cxb5 axb5 13. f3 Ba6 14. b4 e6 15. Ng2 Qc7 16. Kf2 Rf8 17. Rhc1 Qb7 18. Rab1 Nbd7 19. a4 bxa4 20. b5 Bxb5 21. Nxb5 cxb5 22. Rxb5 Nb6 23. Rcb1 Nfd7 24. d5 Rfb8 25. Bxb6 Nxb6 26. Qe3 Ra6 27. R5b4 Qa7 28. Bxa6 Qxa6 29. Rxb6 Rxb6 30. Rxb6 Qa7 31. Rb4 Qd7 32. Qa3 Qa7+ 33. Ne3 Bf6 34. Rxa4 Bh4+ 35. Kg2 Qb6 36. dxe6 fxe6 37. Ra8+ Kg7 38. Qa7+ Qxa7 39. Rxa7+ 1-0